书目信息 |
| 题名: |
天下英雄
|
|
| 作者: | 牛伯成 著 | |
| 分册: | ||
| 出版信息: | 北京 群众出版社 2004 |
|
| 页数: | 468页 | |
| 开本: | 20cm | |
| 丛书名: | 二十一世纪大案要案侦破纪实丛书 | |
| 单 册: | ||
| 中图分类: | I253.1 , I247.5 | |
| 科图分类: | ||
| 主题词: | 报告文学--中国--现代 , 刑事犯罪--案例 , 小说--中国 , 刑事犯罪 | |
| 电子资源: | ||
| ISBN: | 7-5014-3091-8 | |
| 000 | 00960oam2 2200301 450 | |
| 001 | 1574584409 | |
| 005 | 20150121204331.84 | |
| 010 | @a7-5014-3091-8@dCNY25.00 | |
| 100 | @a20040304d2004 em y0chiy50 ea | |
| 101 | 0 | @achi |
| 102 | @aCN@b110000 | |
| 105 | @ay z 000ay | |
| 200 | 1 | @a天下英雄@9tian xia ying xiong@f牛伯成著 |
| 210 | @a北京@c群众出版社@d2004 | |
| 215 | @a468页@d20cm | |
| 225 | 0 | @a二十一世纪大案要案侦破纪实丛书 |
| 308 | @a丛书名原题:21世纪大案要案侦破纪实丛书 | |
| 330 | @a本书展现了当前我国禁毒战场上波澜壮阔的场面,把禁毒斗争中的波谲云诡、尔虞我诈描写得淋漓尽致,同时塑造了一批禁毒英雄的形象。 | |
| 461 | 0 | @12001 @a二十一世纪大案要案侦破纪实丛书 |
| 606 | 0 | @a报告文学@y中国@z现代 |
| 606 | 0 | @a刑事犯罪@x案例 |
| 606 | 0 | @a小说@x中国 |
| 606 | 0 | @a刑事犯罪 |
| 690 | @aI253.1@v5 | |
| 690 | @aI247.5@v4 | |
| 701 | 0 | @a牛伯成@9niu bo cheng@f(1949~)@4著 |
| 801 | 0 | @aCN@bTSSF@c20150121 |
| 905 | @aZUCC@dI247.5@eJY281 | |
| 天下英雄/牛伯成著.-北京:群众出版社,2004 |
| 468页;20cm.-(二十一世纪大案要案侦破纪实丛书) |
| ISBN 7-5014-3091-8:CNY25.00 |
| 本书展现了当前我国禁毒战场上波澜壮阔的场面,把禁毒斗争中的波谲云诡、尔虞我诈描写得淋漓尽致,同时塑造了一批禁毒英雄的形象。 |
| ● |
| 相关链接 |
|
|
|
|
正题名:天下英雄
索取号:I247.5/JY281
 
预约/预借
| 序号 | 登录号 | 条形码 | 馆藏地/架位号 | 状态 | 备注 |
| 1 | 7841060 | 278410603 | 学院路分馆/ [索取号:I247.5/JY281] | 在馆 |